000
00226 a2200097 4500
001
7707
100
_a
Cormac, P
245
_a
Treatise on engine balance using exponentials
260
_a
_b
Chapman Hall
_c
090
_c
6168
_d
6168
942
_a
NUST-CAE
_c
M
_c
32676
999
_c
242780
_d
242780